000 00324nam a2200121Ia 4500
008 220204s9999 xx 000 0 und d
082 _a659.4
_bBOW
100 _aBower, Joseph L
245 0 _aPublic management: Text and cases
260 _aIllinois
_bRichard D Irwin
_c1978
700 _aChristenson, Charles J
942 _cBK
999 _c27749
_d27749